Major G7 Cities - Statistics

General Stats
  • This quiz has been taken 40 times
  • The average score is 21 of 24
Answers on the Map
Answers color-coded by a green-red scale on the quiz's map according to % correct below.
 
Answer Stats
City % Correct
London
100%
Ōsaka
100%
Paris
100%
Roma
100%
Tōkyō
100%
Berlin
97%
Los Angeles
97%
Toronto
97%
Vancouver
97%
Montréal
94%
New York
94%
Birmingham / Wolverhampton
92%
Frankfurt - Wiesbaden - Darmstadt
92%
München
92%
Manchester
89%
Chicago
86%
Hamburg
86%
Köln - Düsseldorf
83%
Houston
81%
Leeds / Bradford
81%
Stuttgart
67%
Nagoya
61%
Yokohama
47%
Ruhrgebiet
31%
No matching quizzes found
Score Distribution
Percent of People with Each Score
Percentile by Number Answered
Your Score History
You have not taken this quiz